| 000 | 00475nam a2200169 i 4500 | ||
|---|---|---|---|
| 001 | 111906 | ||
| 003 | ES-MaACL | ||
| 005 | 20250730063123.0 | ||
| 007 | t| | ||
| 008 | 061121q19401949sp r ||||1| spa d | ||
| 100 | 1 |
_aNavarro, Diego, _d1914-1956 _9156258 |
|
| 245 | 1 | 0 |
_aAmenaza de estÃo / _cDiego Navarro. |
| 260 |
_aMadrid : _bCreaciones Ele-Erre, _c[194-?] |
||
| 300 |
_a78 p. ; _c16 cm. |
||
| 852 |
_aES-MaACL _j1827-F-14 _bR.16998 |
||
| 999 |
_c111906 _d111906 |
||